| 000 | 00439nam a2200157 i 4500 | ||
|---|---|---|---|
| 001 | 80222 | ||
| 003 | ES-MaACL | ||
| 007 | t| | ||
| 008 | 041027s1961 sp ||||1| spa d | ||
| 245 | 0 | 0 | _aHistoria documental de Puerto Rico. |
| 250 | _a1ª ed. | ||
| 260 |
_aRío Piedras (Puerto Rico) : _bUniversidad de Puerto Rico, _c1961. |
||
| 300 |
_aLVIII, 156 p. ; _c22 cm. |
||
| 500 | _aEs el v.3 (t.1) | ||
| 852 |
_aES-MaACL _jC-E-3496 _bR.49127 |
||
| 999 |
_c80222 _d80222 |
||